[Event "U20ch-RUS w"]
[Site "Cheboksary RUS"]
[Date "2006.03.02"]
[Round "1"]
[White "Tairova,E"]
[Black "Sukhareva,E"]
[Result "1-0"]
[WhiteElo "2294"]
[BlackElo "2248"]
[EventDate "2006.03.02"]

1. e4 d6 2. d4 Nf6 3. Nc3 g6 4. f4 Bg7 5. Nf3 O-O 6. Be3 Nbd7 7. Bd3 c5 8.
Qd2 a6 9. h3 b5 10. e5 cxd4 11. Bxd4 dxe5 12. fxe5 b4 13. Ne2 Nd5 14. Be4
Bb7 15. c4 bxc3 16. Nxc3 Nxc3 17. Bxb7 Rb8 18. Qxc3 Rxb7 19. Rc1 Rb5 20.
O-O Qa5 21. Rfe1 Qxa2 22. e6 Rc5 23. Qe3 Rxc1 24. exf7+ Qxf7 25. Rxc1 e5
26. Bc3 Qf4 27. Qxf4 Rxf4 28. Rd1 Rf7 29. Ng5 Rf5 30. g4 Rxg5 31. Rxd7 Bh6
32. Bd2 a5 33. b3 1-0

[Event "U20ch-RUS w"]
[Site "Cheboksary RUS"]
[Date "2006.03.02"]
[Round "1"]
[White "Kovanova,B"]
[Black "Malysheva,P"]
[Result "1-0"]
[WhiteElo "2341"]
[BlackElo "2294"]
[EventDate "2006.03.02"]

1. e4 c5 2. Nf3 Nc6 3. d4 cxd4 4. Nxd4 Nf6 5. Nc3 d6 6. Bg5 e6 7. Qd2 a6 8.
O-O-O Bd7 9. Nxc6 Bxc6 10. Qe1 Qa5 11. f4 O-O-O 12. Bh4 Re8 13. Bd3 d5 14.
e5 Nd7 15. Bf2 Bb4 16. Bd4 f5 17. a3 Be7 18. Ne2 Qc7 19. Kb1 Nc5 20. Qf2
Bd7 21. Nc3 Rhf8 22. Rhe1 Kb8 23. Qg3 g6 24. Bf2 Ne4 25. Bxe4 fxe4 26. Qe3
b6 27. Qxb6+ Qxb6 28. Bxb6 Rxf4 29. Nxe4 Rc8 30. g3 Rf3 31. Re3 Rxe3 32.
Bxe3 Be8 33. Nd2 g5 34. Nb3 Bg6 35. Rd2 Kc7 36. Bc5 Bd8 37. Bd6+ Kb6 38.
Nd4 Bf5 39. Nxf5 exf5 40. Rf2 1-0

[Event "U20ch-RUS w"]
[Site "Cheboksary RUS"]
[Date "2006.03.02"]
[Round "1"]
[White "Gunina,V"]
[Black "Ivakhinova,I"]
[Result "1-0"]
[WhiteElo "2336"]
[BlackElo "2287"]
[EventDate "2006.03.02"]

1. d4 d5 2. c4 dxc4 3. e3 e6 4. Bxc4 Nf6 5. Nf3 c5 6. O-O a6 7. Bb3 b5 8.
a4 b4 9. Nbd2 Be7 10. e4 cxd4 11. e5 Nfd7 12. Ne4 Nc6 13. Bf4 O-O 14. Qd3
Bb7 15. Rfe1 Rc8 16. Neg5 g6 17. Ne4 Na5 18. Nfd2 Nc5 19. Nxc5 Rxc5 20. Bd1
Qd7 21. Bf3 Rfc8 22. Bxb7 Qxb7 23. Ne4 Rc2 24. Qh3 Qa8 25. g4 R8c4 26. Rad1
Rxb2 27. Bg5 d3 28. Bxe7 Rxe4 29. Re3 Rxe3 30. Qxe3 Nc4 31. Qxd3 Nxe5 32.
Qd8+ Qxd8 33. Rxd8+ Kg7 34. g5 Nf3+ 35. Kg2 Nxg5 36. Bxg5 Ra2 37. Rd4 Rxa4
38. Rf4 f5 39. Rd4 a5 40. Rd7+ Kg8 41. Bh6 Ra3 42. Rg7+ Kh8 43. Rf7 1-0

[Event "U20ch-RUS w"]
[Site "Cheboksary RUS"]
[Date "2006.03.02"]
[Round "1"]
[White "Nebolsina,V"]
[Black "Burtasova,A"]
[Result "0-1"]
[WhiteElo "2269"]
[BlackElo "2274"]
[EventDate "2006.03.02"]

1. d4 Nf6 2. Nf3 c5 3. d5 b5 4. Bg5 d6 5. Bxf6 exf6 6. e4 a6 7. a4 bxa4 8.
Rxa4 g6 9. Bd3 Bg7 10. O-O O-O 11. Nfd2 Nd7 12. f4 f5 13. exf5 Nb6 14. Ra2
Nxd5 15. Qf3 gxf5 16. Nc4 Be6 17. c3 Nb6 18. Nbd2 Nxc4 19. Nxc4 d5 20. Ne5
Qb6 21. Qf2 d4 22. c4 Rab8 23. Rfa1 Bc8 24. Qf3 Qh6 25. Nc6 Bb7 26. Ne7+
Kh8 27. Qf2 Rg8 28. Nxf5 Qf6 29. Ng3 Bh6 30. Rf1 Rbe8 31. b3 Re3 32. Bb1
Rg4 33. Qc2 d3 34. Qc1 Rxf4 35. Rxf4 Bxf4 36. Rf2 Qh6 37. Nf1 Re2 38. Qc3+
Be5 39. Qxd3 Rxf2 40. Kxf2 Bd4+ 41. Ke2 Bxg2 42. Qf5 Qe6+ 43. Qxe6 fxe6 44.
Nd2 Kg7 45. Nf3 h6 46. Be4 Bf6 47. Ke3 Be7 48. Kf4 Bd6+ 49. Ke3 Kf6 50. h4
Bh3 51. Nd2 a5 52. Bf3 Ke5 53. Ne4 Be7 54. h5 Bf5 55. Nc3 Bg5+ 56. Ke2 Bc2
57. Nb5 Bxb3 58. Kd3 Kf4 59. Be2 Bf6 60. Nc7 e5 61. Ne6+ Kf5 62. Nxc5 Ba2
63. Kc2 e4 64. Nb3 Bxb3+ 65. Kxb3 Kf4 66. c5 Ke3 67. Bg4 Kd2 0-1

[Event "U20ch-RUS w"]
[Site "Cheboksary RUS"]
[Date "2006.03.02"]
[Round "1"]
[White "Fominykh,M"]
[Black "Guseva,M"]
[Result "1-0"]
[WhiteElo "2332"]
[BlackElo "2349"]
[EventDate "2006.03.02"]

1. d4 f5 2. c4 Nf6 3. Nc3 e6 4. Nf3 d5 5. Bf4 c6 6. e3 Be7 7. Bd3 Ne4 8.
Ne5 O-O 9. Qc2 Nxc3 10. bxc3 Nd7 11. g4 Nxe5 12. Bxe5 Bd6 13. Bg3 Kh8 14.
f4 b6 15. Rd1 Qe8 16. Rd2 Qf7 17. Rg2 Ba6 18. cxd5 Bxd3 19. Qxd3 cxd5 20.
gxf5 exf5 21. O-O Rac8 22. Be1 Rfe8 23. Rf3 Qe6 24. Bd2 Qe4 25. Qxe4 Rxe4
26. Rf1 Rc4 27. Rb1 Ra4 28. Rb5 Rxa2 29. Rxd5 Be7 30. Rxf5 Kg8 31. Rb5 Rc2
32. Kf1 Re6 33. Ke2 a6 34. Rb1 b5 35. f5 Rc6 36. Kd3 Ra2 37. e4 Kf7 38. e5
Bf8 39. Re1 a5 40. e6+ 1-0

[Event "U20ch-RUS w"]
[Site "Cheboksary RUS"]
[Date "2006.03.03"]
[Round "2"]
[White "Kovanova,B"]
[Black "Gunina,V"]
[Result "1-0"]
[WhiteElo "2341"]
[BlackElo "2336"]
[EventDate "2006.03.02"]

1. e4 c5 2. Nf3 d6 3. g3 Nc6 4. Bg2 g6 5. d3 Bg7 6. O-O Nf6 7. h3 O-O 8.
Re1 Rb8 9. c3 b5 10. d4 c4 11. Bf4 Nd7 12. Be3 a6 13. Nbd2 Nb6 14. b3 d5
15. bxc4 dxc4 16. Bf4 Ra8 17. d5 Na5 18. Be5 Bxe5 19. Nxe5 e6 20. Nf1 Nd7
21. Nxd7 Bxd7 22. e5 exd5 23. Ne3 Ra7 24. Nxd5 Bc6 25. Qd4 Rd7 26. Nf6+
Qxf6 27. Qxd7 Qe6 28. Qxe6 fxe6 29. Rad1 Bxg2 30. Kxg2 Nb7 31. Re3 Nc5 32.
Rd6 Rc8 33. f4 Kf7 34. a3 Ke7 35. Kf3 Rc7 36. g4 Rc8 37. h4 Rf8 38. Rc6 Nd3
39. Re4 Rxf4+ 40. Ke3 Rf1 41. Kd2 Kd7 42. Rxa6 Nc5 43. Rd4+ Kc7 44. Ra7+
Kc8 45. Ke2 Rh1 46. Rf4 Rh2+ 47. Rf2 Rxf2+ 48. Kxf2 Ne4+ 49. Ke3 Nxc3 50.
Rxh7 Kd8 51. h5 gxh5 52. gxh5 Ke8 53. Rb7 Kf8 54. Kd2 Ne4+ 55. Ke3 1-0

[Event "U20ch-RUS w"]
[Site "Cheboksary RUS"]
[Date "2006.03.03"]
[Round "2"]
[White "Malysheva,P"]
[Black "Chistiakova,T"]
[Result "1-0"]
[WhiteElo "2294"]
[BlackElo "2326"]
[EventDate "2006.03.02"]

1. e4 c5 2. Nf3 d6 3. d4 cxd4 4. Nxd4 Nf6 5. Nc3 Nc6 6. Bc4 e6 7. Be3 Be7
8. Qe2 a6 9. Bb3 Nd7 10. O-O-O Nc5 11. Kb1 Nxd4 12. Bxd4 Nxb3 13. axb3 O-O
14. Qh5 Qe8 15. Rd3 f6 16. Qxe8 Rxe8 17. Bb6 Bd7 18. Bc7 Bc6 19. Bxd6 Bxd6
20. Rxd6 Rad8 21. Rhd1 Rxd6 22. Rxd6 Kf7 23. Kc1 Ke7 24. Rd4 g5 25. Kd2 Rg8
26. Ke3 g4 27. Rd2 Rg5 28. Kf4 h5 29. g3 Rc5 30. Ke3 Re5 31. b4 a5 32. bxa5
Rxa5 33. Rd1 Kf7 34. Kd4 Ke7 35. b4 Ra8 36. Kc5 f5 37. b5 Bd7 38. exf5 Rf8
39. fxe6 Bxe6 40. Nd5+ Bxd5 41. Rxd5 Rf6 42. Rxh5 b6+ 43. Kd5 Rxf2 44. Rh7+
Kd8 45. c4 Rf5+ 46. Kd4 Kc8 47. Rg7 Rh5 48. Rxg4 Rxh2 49. Rg6 Kc7 50. g4
Rd2+ 51. Ke5 Re2+ 52. Kf5 Rf2+ 53. Kg5 Rc2 54. Rc6+ Kd7 55. Kg6 Ke7 56. g5
Rc3 57. Kg7 Rc2 58. g6 Rc3 59. Kg8 Rc2 60. g7 Rc1 1-0

[Event "U20ch-RUS w"]
[Site "Cheboksary RUS"]
[Date "2006.03.03"]
[Round "2"]
[White "Ivakhinova,I"]
[Black "Tairova,E"]
[Result "0-1"]
[WhiteElo "2287"]
[BlackElo "2294"]
[EventDate "2006.03.02"]

1. d4 d5 2. Nf3 Nf6 3. c4 c6 4. Nc3 dxc4 5. a4 Bf5 6. e3 e6 7. Bxc4 Bb4 8.
O-O Nbd7 9. Nh4 Bg6 10. f3 Nd5 11. Nxg6 hxg6 12. Ne2 Bd6 13. g3 N5b6 14.
Bb3 a5 15. e4 e5 16. Be3 Qe7 17. Rc1 exd4 18. Qxd4 Qe5 19. f4 Qxd4 20. Bxd4
f6 21. Kg2 O-O-O 22. Rfd1 Bc7 23. Nc3 Kb8 24. Bf7 g5 25. fxg5 fxg5 26. Be3
Ne5 27. Bb3 g4 28. Rxd8+ Rxd8 29. Rd1 Rh8 30. Be6 Re8 31. Bb3 Nbd7 32. Ne2
Nf6 33. Nc3 Nf3 34. Bc2 Rh8 35. Rh1 Nd7 36. Bf4 Nde5 37. Bd1 Re8 38. h3
gxh3+ 39. Kf2 Bb6+ 40. Kf1 g5 41. Bxe5+ Nxe5 42. Rxh3 Rf8+ 43. Ke1 Nd3+ 44.
Kd2 Nxb2 45. Bb3 Rd8+ 46. Kc2 Nd3 47. Rh2 Bc7 48. Ne2 Nc5 0-1

[Event "U20ch-RUS w"]
[Site "Cheboksary RUS"]
[Date "2006.03.03"]
[Round "2"]
[White "Burtasova,A"]
[Black "Tomilova,E"]
[Result "1-0"]
[WhiteElo "2274"]
[BlackElo "2273"]
[EventDate "2006.03.02"]

1. e4 d5 2. exd5 Nf6 3. c4 e6 4. dxe6 Bxe6 5. Be2 Qe7 6. d3 Nc6 7. Be3
O-O-O 8. Nd2 Bf5 9. Nb3 Ne5 10. Nd4 Bg6 11. Ngf3 Neg4 12. Bf4 Nh5 13. Bg5
f6 14. Bc1 c5 15. O-O cxd4 16. Nh4 Ne5 17. Bxh5 Bxd3 18. Re1 Qc5 19. Bf4
Ng6 20. Bg4+ f5 21. b4 1-0

[Event "U20ch-RUS w"]
[Site "Cheboksary RUS"]
[Date "2006.03.04"]
[Round "3"]
[White "Tairova,E"]
[Black "Kovanova,B"]
[Result "1/2-1/2"]
[WhiteElo "2294"]
[BlackElo "2341"]
[EventDate "2006.03.02"]

1. e4 e5 2. Nf3 Nc6 3. Bc4 Nf6 4. d3 Be7 5. O-O O-O 6. Bb3 d6 7. c3 Na5 8.
Bc2 c5 9. d4 cxd4 10. cxd4 Nc6 11. d5 Nb4 12. Bb3 a5 13. Nc3 Bd7 14. Qe2 b5
15. a4 bxa4 16. Bxa4 Qb8 17. Bxd7 Nxd7 18. Be3 Rc8 19. Ra3 Bd8 20. Rfa1 Qb7
21. Ne1 Rab8 22. Na4 Qa6 23. Qxa6 Nxa6 24. Rc3 Rxc3 25. bxc3 h6 26. f3 Bg5
27. Kf2 Rb3 28. Bxg5 hxg5 29. Ke2 Rb5 30. Nd3 Kf8 31. Kd2 Ke7 32. Kc2 f5
33. exf5 Rxd5 34. Nab2 Nab8 35. c4 Rd4 36. Rxa5 Rh4 37. h3 Nc6 38. Ra1 Nd4+
39. Kc3 Nxf5 40. Re1 Ke6 41. Nf2 Nf6 42. Nbd3 Rd4 43. Ng4 Nxg4 44. hxg4 Ne7
45. g3 Nc6 1/2-1/2

[Event "U20ch-RUS w"]
[Site "Cheboksary RUS"]
[Date "2006.03.04"]
[Round "3"]
[White "Gunina,V"]
[Black "Malysheva,P"]
[Result "1/2-1/2"]
[WhiteElo "2336"]
[BlackElo "2294"]
[EventDate "2006.03.02"]

1. d4 Nf6 2. c4 e6 3. Nf3 c5 4. Nc3 cxd4 5. Nxd4 Bb4 6. Bd2 Nc6 7. e3 d5 8.
a3 Bd6 9. cxd5 exd5 10. Ncb5 Bb8 11. Rc1 Nxd4 12. Nxd4 O-O 13. Bb5 Bg4 14.
Qb3 a6 15. Bd3 Qd7 16. h3 Be6 17. Bc3 b5 18. f4 Ba7 19. O-O Ne4 20. Kh2
Bxd4 21. exd4 f5 22. Ba5 Rac8 23. Qa2 Rxc1 24. Rxc1 g5 25. Rc2 gxf4 26. Bc7
Nd6 27. Qb1 f3 28. gxf3 Rc8 29. Qc1 Bf7 30. Kh1 Bg6 31. Kh2 Kf7 32. Bb8
Rxc2+ 33. Qxc2 f4 34. Bxg6+ hxg6 35. Qc5 Qe6 36. Qc2 Nf5 37. Be5 g5 38.
Qc7+ Qe7 39. Qc6 Qe6 40. Qb7+ Kg6 41. Kg1 Ne7 42. Kf2 Qc6 43. Qxe7 Qc2+
1/2-1/2

[Event "U20ch-RUS w"]
[Site "Cheboksary RUS"]
[Date "2006.03.04"]
[Round "3"]
[White "Chistiakova,T"]
[Black "Burtasova,A"]
[Result "1-0"]
[WhiteElo "2326"]
[BlackElo "2274"]
[EventDate "2006.03.02"]

1. Nf3 Nf6 2. c4 e6 3. g3 d5 4. b3 d4 5. Bg2 c5 6. e3 Nc6 7. exd4 cxd4 8.
d3 Be7 9. O-O O-O 10. Re1 h6 11. Ba3 a5 12. Bxe7 Qxe7 13. Ne5 Nxe5 14. Rxe5
Nd7 15. Re1 Nc5 16. Na3 e5 17. Nb5 Bf5 18. Nxd4 Bg6 19. Qg4 Nxd3 20. Re3
Qf6 21. Rf3 h5 22. Qd7 Rad8 23. Qxb7 Qg5 24. Nc6 e4 25. Ne7+ Kh7 26. Nxg6
Qxg6 27. Rf5 Rfe8 28. Bxe4 Kg8 29. Rd1 Rb8 30. Qc6 Qg4 31. f3 Qg6 32. Rxd3
1-0

[Event "U20ch-RUS w"]
[Site "Cheboksary RUS"]
[Date "2006.03.04"]
[Round "3"]
[White "Nebolsina,V"]
[Black "Sukhareva,E"]
[Result "1-0"]
[WhiteElo "2269"]
[BlackElo "2248"]
[EventDate "2006.03.02"]

1. d4 Nf6 2. Nf3 g6 3. c4 Bg7 4. g3 O-O 5. Bg2 d6 6. O-O Nbd7 7. Qc2 e5 8.
Rd1 Re8 9. e4 exd4 10. Nxd4 c6 11. Nc3 Qe7 12. b3 Nc5 13. f3 a5 14. Nde2
Be6 15. Bf4 Rad8 16. Qd2 d5 17. cxd5 cxd5 18. e5 Nh5 19. Bg5 f6 20. exf6
Nxf6 21. Nd4 Bf7 22. Ncb5 a4 23. b4 Ne6 24. Re1 Qd7 25. Nxe6 Bxe6 26. Bf1
Bh3 27. Bxh3 Qxh3 28. Nc7 Rf8 29. Rad1 Rd6 30. Bf4 Rd7 31. Ne6 Rc8 32. Re5
d4 33. Ng5 Qh5 34. Qe2 h6 35. g4 Qh4 36. Bg3 Qxg5 37. Rxg5 hxg5 38. Qb5 Rd5
39. Qxb7 Rc2 40. Qa8+ Kh7 41. Qxa4 Rc3 42. b5 Nd7 43. Qb4 Nb6 44. Qe7 Nc4
45. Bf2 d3 46. b6 d2 47. b7 Rc1 48. b8=Q Rxd1+ 49. Kg2 Re1 50. Qf7 Ne3+ 51.
Bxe3 Re2+ 52. Kh3 Kh6 53. Qxd5 Rxe3 54. Qxd2 Rxf3+ 55. Kg2 Rf4 56. Qdd8
Rxg4+ 57. Kf3 Rf4+ 58. Qxf4 1-0

[Event "U20ch-RUS w"]
[Site "Cheboksary RUS"]
[Date "2006.03.04"]
[Round "3"]
[White "Tomilova,E"]
[Black "Guseva,M"]
[Result "1-0"]
[WhiteElo "2273"]
[BlackElo "2349"]
[EventDate "2006.03.02"]

1. e4 e6 2. d4 d5 3. Nc3 dxe4 4. Nxe4 Nd7 5. Nf3 Ngf6 6. Nxf6+ Nxf6 7. Bd3
c5 8. dxc5 Bxc5 9. O-O O-O 10. Bg5 b6 11. Qe2 Bb7 12. Rad1 Qc7 13. Bxf6
gxf6 14. Qd2 Kg7 15. Rfe1 Bxf3 16. gxf3 Be7 17. Kh1 Kh8 18. Rg1 f5 19. Qe3
Bc5 20. Qh6 Qe5 21. Rde1 Qxb2 22. c3 Qxc3 23. Rc1 Qe5 24. Rce1 Qd4 25. Rg4
Qc3 26. Reg1 1-0

[Event "U20ch-RUS w"]
[Site "Cheboksary RUS"]
[Date "2006.03.05"]
[Round "4"]
[White "Kovanova,B"]
[Black "Fominykh,M"]
[Result "0-1"]
[WhiteElo "2341"]
[BlackElo "2332"]
[EventDate "2006.03.02"]

1. Nf3 Nf6 2. c4 e6 3. g3 d5 4. d4 Nbd7 5. Bg2 Be7 6. O-O O-O 7. Qc2 Ne4 8.
Bf4 c6 9. Nfd2 Nxd2 10. Nxd2 Nf6 11. e4 dxe4 12. Nxe4 Qxd4 13. Rfd1 Qb6 14.
c5 Qa5 15. Bd6 Bxd6 16. Nxf6+ gxf6 17. Rxd6 Kg7 18. Rad1 e5 19. Be4 Bg4 20.
f3 Bh5 21. Bxh7 Bxf3 22. Rf1 e4 23. a3 Rad8 24. Rxf3 exf3 25. b4 Qxa3 26.
Qe4 Qc1+ 27. Kf2 Rde8 28. Qd3 Qh1 0-1

[Event "U20ch-RUS w"]
[Site "Cheboksary RUS"]
[Date "2006.03.05"]
[Round "4"]
[White "Gunina,V"]
[Black "Tairova,E"]
[Result "1/2-1/2"]
[WhiteElo "2336"]
[BlackElo "2294"]
[EventDate "2006.03.02"]

1. d4 d5 2. c4 c6 3. Nf3 Nf6 4. e3 Bf5 5. Nc3 e6 6. Nh4 Bg6 7. Nxg6 hxg6 8.
Qb3 Qc7 9. g3 Nbd7 10. Bd2 Nb6 11. Rc1 Be7 12. a3 O-O 13. c5 Nbd7 14. Bg2
e5 15. O-O Rfe8 16. Qc2 Nf8 17. b4 Ne6 18. Ne2 e4 19. a4 Qd7 20. Bh3 g5 21.
Bxe6 Qxe6 22. Kg2 g4 23. Rh1 Qf5 24. Ng1 g6 25. h3 gxh3+ 26. Rxh3 g5 27.
Qd1 Kg7 28. g4 Qxg4+ 29. Qxg4 Nxg4 30. Ne2 Rh8 31. Ng3 Kg6 32. Rxh8 Rxh8
33. Nf1 a6 34. b5 axb5 35. axb5 Ra8 36. Rb1 Bd8 37. Be1 cxb5 38. Rxb5 Ra1
39. Bc3 Ra3 40. Bb4 Ra7 41. Nd2 f5 42. Nb3 f4 43. exf4 gxf4 44. Ba5 Bh4 45.
Rb6+ Kf5 46. Rd6 Nf6 47. f3 Ra8 48. Rd8 Rxd8 49. Bxd8 Be1 50. Ba5 Bh4 51.
Bd8 Be1 52. Ba5 Bh4 53. Bd8 Be1 54. Ba5 Bh4 1/2-1/2

[Event "U20ch-RUS w"]
[Site "Cheboksary RUS"]
[Date "2006.03.05"]
[Round "4"]
[White "Sukhareva,E"]
[Black "Tomilova,E"]
[Result "1/2-1/2"]
[WhiteElo "2248"]
[BlackElo "2273"]
[EventDate "2006.03.02"]

1. d4 d5 2. c4 e6 3. Nf3 c6 4. g3 Nf6 5. Bg2 Nbd7 6. O-O Bd6 7. Qc2 O-O 8.
Nc3 Qe7 9. Rd1 b6 10. e4 Nxe4 11. Nxe4 dxe4 12. Qxe4 Bb7 13. Ne5 f5 14. Qe2
Nxe5 15. dxe5 Bc7 16. f4 Rab8 17. Be3 c5 18. Bxb7 Rxb7 19. Rd2 g5 20. Rad1
Bb8 21. Qg2 Rc8 22. Rd3 g4 23. b3 Kf8 24. h3 h5 25. Kf2 b5 26. cxb5 c4 27.
bxc4 Rxc4 28. hxg4 Rc2+ 29. R1d2 Rxd2+ 30. Rxd2 hxg4 31. Qc6 Kg7 32. Bc5
Qf7 33. Rd8 Rc7 34. Qd6 Rxc5 35. Qxc5 Bc7 36. Rd6 Bb6 37. Rxb6 axb6 38. Qc6
Qe7 39. Qd6 Qb7 40. Qc6 Qe7 41. a4 Qa3 42. Qd7+ Kh8 43. Qd8+ Kg7 44. Qg5+
Kh7 45. Qh4+ Kg7 46. Qf6+ Kh7 47. Qf7+ Kh8 48. Qe8+ Kg7 49. Qd7+ Kh8 50.
Qd8+ Kg7 51. Qg5+ Kh7 52. Qh4+ Kg7 53. Qf6+ Kh7 54. Qf7+ Kh8 55. Qe8+ Kg7
56. Qd7+ Kh8 57. Qd1 Qa2+ 58. Ke1 Qa3 59. Kf2 Qa2+ 60. Kf1 Qa3 61. Qd8+ Kg7
62. Qd7+ Kh8 63. Qd8+ Kg7 64. Qxb6 Qxa4 65. Qc7+ Kg6 66. Qd7 Qc4+ 67. Kf2
Qc2+ 68. Kf1 Qc1+ 69. Ke2 Qb2+ 70. Ke3 Qb3+ 71. Qd3 Qb4 72. Ke2 Qb2+ 73.
Kd1 Qf2 74. Qb3 Qf1+ 75. Kc2 Qf2+ 76. Kb1 Qe1+ 77. Kc2 Qf2+ 78. Kb1 Qe1+
79. Ka2 Qa5+ 80. Kb1 Qe1+ 81. Kb2 Qd2+ 82. Ka1 Qc1+ 83. Ka2 Qd2+ 84. Kb1
Qe1+ 85. Kc2 Qf2+ 86. Kb1 1/2-1/2

[Event "U20ch-RUS w"]
[Site "Cheboksary RUS"]
[Date "2006.03.05"]
[Round "4"]
[White "Ivakhinova,I"]
[Black "Nebolsina,V"]
[Result "1-0"]
[WhiteElo "2287"]
[BlackElo "2269"]
[EventDate "2006.03.02"]

1. d4 d5 2. Nf3 Nf6 3. c4 c6 4. Nc3 dxc4 5. a4 Bf5 6. Nh4 Bc8 7. Nf3 Bf5 8.
Nh4 Bc8 9. e3 e5 10. Bxc4 exd4 11. exd4 Be7 12. O-O O-O 13. Re1 Ne8 14. Nf3
Nd6 15. Bb3 Na6 16. Bf4 Bg4 17. h3 Bh5 18. g4 Bg6 19. Ne5 Bf6 20. Qf3 Bxe5
21. dxe5 Nc5 22. Ba2 Ne8 23. Qe3 Ne6 24. Rad1 Qa5 25. Bg3 c5 26. f4 Bc2 27.
Rd2 Nd4 28. f5 Rd8 29. Rf2 Kh8 30. e6 fxe6 31. fxe6 Rxf2 32. Qxf2 Nf6 33.
g5 Ng8 34. e7 Nxe7 35. Rxe7 Qa6 36. Qf7 Qg6 37. Qxg6 hxg6 38. Be5 Nf5 39.
Rxb7 Re8 40. Rb8 1-0

[Event "U20ch-RUS w"]
[Site "Cheboksary RUS"]
[Date "2006.03.06"]
[Round "5"]
[White "Chistiakova,T"]
[Black "Sukhareva,E"]
[Result "1-0"]
[WhiteElo "2326"]
[BlackElo "2248"]
[EventDate "2006.03.02"]

1. d4 d6 2. Nf3 g6 3. g3 Bg7 4. Bg2 Nf6 5. c4 O-O 6. Nc3 c5 7. d5 Na6 8.
O-O Nc7 9. e4 a6 10. a4 b6 11. e5 Nfe8 12. Re1 Rb8 13. Bf4 Bg4 14. h3 Bxf3
15. Qxf3 g5 16. exd6 exd6 17. Bd2 f5 18. Qh5 Bf6 19. g4 Rf7 20. gxf5 Ng7
21. Qg4 h6 22. Ne4 Be5 23. h4 Rxf5 24. hxg5 h5 25. Qh3 b5 26. axb5 axb5 27.
Bf3 bxc4 28. Bxh5 Rb3 29. f3 Nxd5 30. Bg6 Rfxf3 31. Qh7+ Kf8 32. Ra8 Qxa8
33. Qh8+ Ke7 34. Qxa8 Nc7 35. Qc6 Nce6 36. Bc3 Nd4 37. Qc7+ Kf8 38. Qd8+
Ne8 39. Qxe8+ Kg7 40. Bh5 Rf8 41. Qe7+ Kg8 42. Nf6+ 1-0

[Event "U20ch-RUS w"]
[Site "Cheboksary RUS"]
[Date "2006.03.06"]
[Round "5"]
[White "Nebolsina,V"]
[Black "Kovanova,B"]
[Result "0-1"]
[WhiteElo "2269"]
[BlackElo "2341"]
[EventDate "2006.03.02"]

1. e4 e5 2. Nc3 Nf6 3. g3 Nc6 4. Bg2 Bc5 5. d3 d6 6. h3 a6 7. Nge2 O-O 8.
O-O Be6 9. Nd5 Bxd5 10. exd5 Ne7 11. Bg5 Ng6 12. c4 h6 13. Bd2 a5 14. Bc3
Re8 15. b3 Bb6 16. Kh2 Ne7 17. d4 e4 18. Bd2 Nf5 19. Be3 c6 20. dxc6 bxc6
21. Qd2 d5 22. c5 Bc7 23. Bf4 Nh5 24. Bxc7 Qxc7 25. Kg1 e3 26. Qd3 exf2+
27. Kxf2 Re3 28. Qxf5 Rxe2+ 29. Kg1 Nxg3 30. Qf4 Qxf4 31. Rxf4 Rd2 32. Bf3
Re8 33. a4 Rb2 34. Bg4 f5 0-1

[Event "U20ch-RUS w"]
[Site "Cheboksary RUS"]
[Date "2006.03.06"]
[Round "5"]
[White "Tomilova,E"]
[Black "Ivakhinova,I"]
[Result "1-0"]
[WhiteElo "2273"]
[BlackElo "2287"]
[EventDate "2006.03.02"]

1. e4 e5 2. Nf3 Nf6 3. Bc4 Nxe4 4. Nc3 Nc6 5. Nxe4 d5 6. Bb5 dxe4 7. Nxe5
Qd5 8. Bxc6+ bxc6 9. Ng4 Bd6 10. b3 Bxg4 11. Qxg4 Be5 12. Rb1 O-O 13. O-O
Rad8 14. Rd1 Rfe8 15. Bb2 f5 16. Qe2 Bxb2 17. Rxb2 f4 18. Rbb1 Qg5 19. Kh1
f3 20. gxf3 exf3 21. Qxf3 Rf8 22. Qg2 Qc5 23. Rg1 g6 24. Qe4 Rxf2 25. Rxg6+
hxg6 26. Qxg6+ Kf8 27. Qh6+ Kf7 28. Qh7+ Kf6 29. Qh4+ Kf7 30. Qxd8 Qe5 31.
Qd7+ Kf8 32. Qh3 Qd5+ 33. Kg1 Rf6 34. Qg2 Qc5+ 35. Kh1 Qxc2 36. Rg1 Qh7 37.
Qg4 Rf7 38. Qc8+ Ke7 39. Qxc7+ Ke8 40. Re1+ Kf8 41. Qd8+ 1-0

[Event "U20ch-RUS w"]
[Site "Cheboksary RUS"]
[Date "2006.03.07"]
[Round "6"]
[White "Tairova,E"]
[Black "Fominykh,M"]
[Result "1-0"]
[WhiteElo "2294"]
[BlackElo "2332"]
[EventDate "2006.03.02"]

1. e4 g6 2. d4 Bg7 3. Nc3 c6 4. f4 d5 5. e5 Nh6 6. Nf3 Bg4 7. Be3 f6 8. h3
Bxf3 9. Qxf3 O-O 10. exf6 exf6 11. g4 f5 12. O-O-O b5 13. Bd3 Nd7 14. Ne2
Nb6 15. Ng3 a5 16. gxf5 Nxf5 17. Bxf5 gxf5 18. Nh5 Ra7 19. Rhg1 Kh8 20. Bf2
Nc4 21. Nxg7 Rxg7 22. Rxg7 Kxg7 23. Qh5 Kh8 24. Rg1 Qe7 25. a3 Nd6 26. Kb1
Qf7 27. Qh6 Qf6 28. Rg6 Ne4 29. Rxf6 Rxf6 30. Qh4 Rg6 31. Be3 Rg3 32. Bc1
Rg1 33. Qd8+ Kg7 34. Qd7+ Kg6 35. Qxc6+ Kh5 36. Qxd5 1-0

[Event "U20ch-RUS w"]
[Site "Cheboksary RUS"]
[Date "2006.03.07"]
[Round "6"]
[White "Kovanova,B"]
[Black "Tomilova,E"]
[Result "1/2-1/2"]
[WhiteElo "2341"]
[BlackElo "2273"]
[EventDate "2006.03.02"]

1. d4 Nf6 2. Nf3 g6 3. g3 Bg7 4. Bg2 O-O 5. O-O d6 6. c4 Nc6 7. Nc3 a6 8.
e4 e5 9. h3 exd4 10. Nxd4 Nxd4 11. Qxd4 Nd7 12. Qe3 Re8 13. Qe2 Nc5 14. Qc2
f5 15. h4 Ne6 16. Bd2 c6 17. h5 gxh5 18. Ne2 Ng5 19. Nf4 fxe4 20. Nxh5 Bf5
21. Nxg7 Kxg7 22. Bc3+ Kg6 23. g4 Bxg4 24. f3 Bf5 25. fxe4 Bxe4 26. Rf6+
Qxf6 27. Bxe4+ Nxe4 28. Bxf6 Kxf6 29. Rf1+ Ke5 30. Qh2+ Kd4 31. Rf4 Rg8+
32. Kf1 d5 33. b4 Raf8 34. cxd5 Rxf4+ 35. Qxf4 cxd5 36. Qf7 Rg3 37. Qxb7
Ke3 38. Qb6+ d4 39. Qh6+ Rg5 40. Qh3+ Rg3 41. Qh6+ Rg5 42. Qh3+ Ng3+ 43.
Ke1 d3 44. a4 h5 45. b5 axb5 46. axb5 h4 47. b6 d2+ 48. Kd1 Rb5 49. Qe6+
Ne4 50. Qh3+ Kd4 51. Qd7+ Ke3 52. Qh3+ Ng3 53. Qe6+ Ne4 54. Qh3+ Ng3
1/2-1/2

[Event "U20ch-RUS w"]
[Site "Cheboksary RUS"]
[Date "2006.03.07"]
[Round "6"]
[White "Gunina,V"]
[Black "Nebolsina,V"]
[Result "1/2-1/2"]
[WhiteElo "2336"]
[BlackElo "2269"]
[EventDate "2006.03.02"]

1. d4 Nf6 2. c4 e6 3. Nf3 b6 4. g3 Bb7 5. Bg2 Be7 6. O-O O-O 7. Nc3 Ne4 8.
Qc2 Nxc3 9. Qxc3 d6 10. b3 Nd7 11. Bb2 Bf6 12. Qc2 g6 13. Rad1 Qe7 14. e4
e5 15. d5 a5 16. a3 Ba6 17. b4 axb4 18. axb4 b5 19. c5 dxc5 20. Bh3 Nb6 21.
Qxc5 Qxc5 22. bxc5 Na4 23. Bxe5 Bxe5 24. Nxe5 b4 25. Rfe1 Nxc5 26. Rc1 Nd3
27. Nxd3 Bxd3 28. Re3 Ra3 29. Bf1 Bxf1 30. Kxf1 b3 31. Rb1 Rb8 32. Kg2 Ra4
33. Rbxb3 Rxb3 34. Rxb3 Rxe4 35. Rb8+ Kg7 36. Rd8 Kf6 37. Rd7 Re7 38. Rd8
h5 39. Kf3 Kf5 40. h3 Kg5 41. Rc8 Kf6 42. Rd8 Kg5 43. Rf8 Kf6 44. Rc8 Re5
45. Rxc7 1/2-1/2

[Event "U20ch-RUS w"]
[Site "Cheboksary RUS"]
[Date "2006.03.07"]
[Round "6"]
[White "Sukhareva,E"]
[Black "Burtasova,A"]
[Result "1-0"]
[WhiteElo "2248"]
[BlackElo "2274"]
[EventDate "2006.03.02"]

1. Nf3 Nf6 2. g3 b5 3. Bg2 Bb7 4. a4 b4 5. d3 e6 6. e4 c5 7. O-O Be7 8. Re1
O-O 9. Nfd2 d5 10. e5 Nfd7 11. Nf3 Nc6 12. h4 h6 13. Bf4 f6 14. exf6 Bxf6
15. Rxe6 Bxb2 16. Ra2 Nd4 17. Nxd4 Bxd4 18. c3 bxc3 19. Qb3 Nb6 20. a5 c4
21. Qd1 Qc8 22. Rd6 cxd3 23. Qxd3 Qc4 24. Qc2 Rxf4 25. gxf4 Re8 26. axb6
Re1+ 27. Kh2 Bxb6 28. Ra4 Qc7 29. Qxc3 Rxb1 30. Qxc7 Bxc7 31. Rd7 Rc1 32.
Rxc7 Rxc7 33. Rxa7 Kf8 34. Bxd5 Bxd5 35. Rxc7 Be6 36. Kg3 Bf5 37. Kf3 Kg8
38. Ke3 Kh7 39. Kd4 Kg6 40. Ke5 Bg4 41. f5+ Bxf5 42. h5+ 1-0

[Event "U20ch-RUS w"]
[Site "Cheboksary RUS"]
[Date "2006.03.07"]
[Round "6"]
[White "Ivakhinova,I"]
[Black "Chistiakova,T"]
[Result "0-1"]
[WhiteElo "2287"]
[BlackElo "2326"]
[EventDate "2006.03.02"]

1. d4 d5 2. Nf3 e6 3. c4 dxc4 4. e4 b5 5. Nc3 a6 6. a4 b4 7. Na2 Nf6 8. e5
Nd5 9. Bxc4 Be7 10. O-O a5 11. Qe2 O-O 12. Be3 Ba6 13. Bxa6 Nxa6 14. Nc1 c5
15. dxc5 Bxc5 16. Bxc5 Nxc5 17. Nd3 Nc3 18. bxc3 Qxd3 19. Qxd3 Nxd3 20.
cxb4 axb4 21. Rfb1 Rfb8 22. a5 g6 23. Kf1 Rb5 24. Rb3 Nc5 25. Rbb1 Na6 26.
g3 Rd8 27. Ke2 Rdd5 28. Ra4 Rbc5 29. Rb2 Rc4 30. Rd2 Rb5 31. Rd6 Rc2+ 32.
Ke3 b3 33. Ra1 b2 34. Rb1 Rxa5 35. Rd2 Ra3+ 36. Ke2 Rc4 37. Nd4 Ra2 38. Kd3
Rb4 39. Kc3 Ra3+ 40. Kc2 Rc4+ 41. Kxb2 Ra5 42. f4 Nc5 43. Re1 Ra8 44. Red1
Rb8+ 45. Ka1 Ra4+ 46. Ra2 Rxd4 0-1